[Event "XXXV C.to Italiano a squadre A1 Sud 2"]
[Site "Palermo ITA"]
[Date "2003.03.14"]
[Round "1"]
[White "Capuano, Eugenio"]
[Black "Cappadona, Salvatore"]
[Result "1/2-1/2"]
[WhiteElo "2143"]
[BlackElo "1982"]
[PlyCount "151"]
[EventDate "2003.03.14"]

1. Nf3 Nf6 2. c4 g6 3. Nc3 c5 4. e4 d6 5. d4 cxd4 6. Nxd4 Bg7 7. Be2 O-O 8. O-O
Nc6 9. Be3 Nxd4 10. Bxd4 Bd7 11. Qd2 Bc6 12. f3 a6 13. b4 Nh5 14. Rfd1 Bxd4+
15. Qxd4 Nf4 16. Bf1 Ne6 17. Qe3 b6 18. Nd5 Bxd5 19. cxd5 Ng7 20. Rac1 b5 21.
Rc6 a5 22. a3 axb4 23. axb4 Ra4 24. Qd4 e5 25. dxe6 Nxe6 26. Qd2 Qb8 27. Rxd6
Qa7+ 28. Kh1 Ra2 29. Qe1 Qa4 30. Qe3 Qxb4 31. f4 Ra3 32. Qc1 Rc3 33. Qd2 Rb3
34. g3 Qxe4+ 35. Bg2 Qe3 36. Qd5 Rb2 37. f5 gxf5 38. Qxf5 Ng7 39. Qd5 Qb3 40.
Qg5 Rb1 41. Qg4 Rxd1+ 42. Rxd1 Qe6 43. Qb4 Qc4 44. Rb1 Rd8 45. Bf1 Qxb4 46.
Rxb4 Rd1 47. Kg2 Nf5 48. Bxb5 Rd2+ 49. Kh3 Nd4 50. Kg4 Nxb5 51. Rxb5 Rxh2 52.
Rb7 Kg7 53. Rc7 Re2 54. Kf3 Re6 55. Kf4 Rg6 56. Rb7 Rf6+ 57. Kg4 Rf1 58. Rb5 h6
59. Rb6 Rf2 60. Rc6 Rf6 61. Rc8 Rg6+ 62. Kf4 Rg5 63. Rc7 Rd5 64. Rc4 Kg6 65.
Rc6+ f6 66. Rc8 Rd4+ 67. Kf3 h5 68. Rg8+ Kf5 69. Rh8 Rd3+ 70. Kg2 Kg6 71. Rg8+
Kf7 72. Rh8 Rd5 73. Kh3 Kg7 74. Rc8 Ra5 75. Rc7+ Kg6 76. Rc8 1/2-1/2

[Event "XXXV C.to Italiano a squadre A1 Sud 2"]
[Site "Palermo ITA"]
[Date "2003.03.14"]
[Round "1"]
[White "Ferri, Stefano"]
[Black "Cusmano, Antonello"]
[Result "1-0"]
[WhiteElo "2099"]
[BlackElo "1597"]
[PlyCount "67"]
[EventDate "2003.03.14"]

1. d4 Nf6 2. c4 e6 3. Nf3 d5 4. Nc3 c6 5. Bg5 Nbd7 6. e3 Qa5 7. Nd2 dxc4 8.
Bxf6 Nxf6 9. Nxc4 Qc7 10. Be2 a6 11. a4 b6 12. O-O Bb7 13. Bf3 Rd8 14. Qb3 b5
15. axb5 cxb5 16. Nxb5 axb5 17. Qxb5+ Qd7 18. Qxb7 Qxb7 19. Bxb7 Be7 20. Bc6+
Kf8 21. Rfb1 Rc8 22. Nb6 Rb8 23. b4 Bd8 24. Ra8 Rxa8 25. Nxa8 Ke7 26. b5 Kd6
27. e4 Nd7 28. e5+ Ke7 29. Ra1 Nb8 30. Ra7+ Kf8 31. Rb7 Nxc6 32. bxc6 g6 33.
Rb8 Kg7 34. c7 1-0

[Event "XXXV C.to Italiano a squadre A1 Sud 2"]
[Site "Palermo ITA"]
[Date "2003.03.14"]
[Round "1"]
[White "Genovese, Maurizio"]
[Black "Martorelli, Antonio"]
[Result "1/2-1/2"]
[WhiteElo "2280"]
[BlackElo "2262"]
[PlyCount "64"]
[EventDate "2003.03.14"]

1. d4 d5 2. c4 dxc4 3. e4 Nf6 4. e5 Nd5 5. Bxc4 Nb6 6. Bb3 Nc6 7. Nf3 Bg4 8.
Bxf7+ Kxf7 9. Ng5+ Ke8 10. Qxg4 Qxd4 11. Qxd4 Nxd4 12. Na3 e6 13. Be3 Bb4+ 14.
Kf1 h6 15. Bxd4 hxg5 16. Nb5 Nd5 17. Re1 Kd7 18. a3 c6 19. Nc3 Bxc3 20. bxc3 g4
21. c4 Nb6 22. Ke2 Rh5 23. h3 gxh3 24. gxh3 c5 25. Bxc5 Rxe5+ 26. Be3 Rc8 27.
Rhg1 Rxc4 28. Rxg7+ Kc6 29. Rb1 Nd5 30. Rbxb7 Nxe3 31. fxe3 Rh4 32. Rgc7+ Kd6
1/2-1/2

[Event "XXXV C.to Italiano a squadre A1 Sud 2"]
[Site "Palermo ITA"]
[Date "2003.03.14"]
[Round "1"]
[White "Isonzo, David"]
[Black "Sibilio, Mario"]
[Result "1-0"]
[WhiteElo "2364"]
[BlackElo "2361"]
[PlyCount "65"]
[EventDate "2003.03.14"]

1. e4 c6 2. Nc3 d5 3. Nf3 dxe4 4. Nxe4 Nf6 5. Nxf6+ gxf6 6. Bc4 Rg8 7. d4 Rxg2
8. Bf4 Rg4 9. Qd2 Be6 10. Bxe6 fxe6 11. h3 Rg6 12. c4 b5 13. O-O-O bxc4 14. Nh4
Rg8 15. d5 exd5 16. Qe2 e5 17. Qh5+ Kd7 18. Qf7+ Be7 19. Nf5 Na6 20. Rhe1 Nb4
21. Bxe5 fxe5 22. Rxe5 Re8 23. Qe6+ Kc7 24. Nxe7 Qd7 25. Qf6 Rf8 26. Qg7 Nd3+
27. Rxd3 cxd3 28. Nxd5+ Kd6 29. Re7 Qf5 30. Ne3 d2+ 31. Kxd2 Qxf2+ 32. Kd3 Rad8
33. Qe5# 1-0

[Event "XXXV C.to Italiano a squadre A1 Sud 2"]
[Site "Palermo ITA"]
[Date "2003.03.14"]
[Round "1"]
[White "Laketic, Gojko"]
[Black "Efimov, Igor"]
[Result "0-1"]
[WhiteElo "2456"]
[BlackElo "2444"]
[PlyCount "71"]
[EventDate "2003.03.14"]

1. d4 e6 2. c4 d5 3. Nf3 a6 4. e3 Nf6 5. Nc3 dxc4 6. a4 c5 7. Bxc4 Qc7 8. Qe2
Nbd7 9. O-O Bd6 10. dxc5 Bxc5 11. e4 Ng4 12. Bg5 Nde5 13. Nxe5 Nxe5 14. Ba2 O-O
15. Rac1 Nc6 16. Be3 Bxe3 17. Qxe3 Bd7 18. Rfd1 Rfd8 19. h3 Be8 20. f4 Qa5 21.
Kh2 Qb4 22. f5 Nd4 23. Kh1 Bxa4 24. Nxa4 Qxa4 25. f6 gxf6 26. Qg3+ Kf8 27. Qh4
Ne2 28. Rf1 Qxe4 29. Qxf6 Ng3+ 30. Kg1 Nxf1 31. Qh6+ Kg8 32. Rxf1 Qd4+ 33. Kh1
Qg7 34. Qe3 Rac8 35. Rxf7 Kxf7 36. Qxe6+ 0-1

[Event "XXXV C.to Italiano a squadre A1 Sud 2"]
[Site "Palermo ITA"]
[Date "2003.03.14"]
[Round "1"]
[White "Napoli Costa, Aurelio"]
[Black "Sabia, Corrado"]
[Result "0-1"]
[WhiteElo "1956"]
[BlackElo "2174"]
[PlyCount "124"]
[EventDate "2003.03.14"]

1. e4 c5 2. Nf3 e6 3. d4 cxd4 4. Nxd4 Nf6 5. Nc3 d6 6. Be2 a6 7. Be3 Be7 8. a4
Nc6 9. Nb3 b6 10. O-O Bb7 11. f4 O-O 12. Bf3 Qc7 13. Qd2 Rab8 14. g4 Rfe8 15.
g5 Nd7 16. Rad1 Rbd8 17. Qg2 Bf8 18. Nd2 Nb4 19. Rc1 Nc5 20. Kh1 d5 21. exd5
Nxd5 22. Nxd5 Bxd5 23. b3 Qb7 24. Bxc5 Bxf3 25. Nxf3 Bxc5 26. Rce1 Re7 27. c3
a5 28. Rd1 Red7 29. Rxd7 Rxd7 30. Ne5 Qxg2+ 31. Kxg2 Rd2+ 32. Kf3 f6 33. Nc4
Rd3+ 34. Ke4 Rxc3 35. f5 exf5+ 36. Kxf5 fxg5 37. Rd1 Rf3+ 38. Kg4 Rf2 39. Ne5
h6 40. Rd8+ Kh7 41. Nd3 Rxh2 42. Nxc5 bxc5 43. Ra8 Rb2 44. Rxa5 Rxb3 45. Rxc5
Rb4+ 46. Kg3 Rxa4 47. Rc6 h5 48. Rb6 Ra3+ 49. Kg2 h4 50. Rc6 g6 51. Rc8 Kg7 52.
Rc5 Kh6 53. Rc8 g4 54. Rc4 Ra2+ 55. Kh1 Kh5 56. Rc5+ g5 57. Rc8 g3 58. Rc4 h3
59. Rc1 Rf2 60. Kg1 Rf3 61. Ra1 g2 62. Rc1 Rf1+ 0-1

[Event "XXXV C.to Italiano a squadre A1 Sud 2"]
[Site "Palermo ITA"]
[Date "2003.03.14"]
[Round "1"]
[White "Sarno, Spartaco"]
[Black "Collutiis, Duilio"]
[Result "1/2-1/2"]
[WhiteElo "2395"]
[BlackElo "2348"]
[PlyCount "63"]
[EventDate "2003.03.14"]

1. Nf3 Nf6 2. g3 g6 3. Bg2 Bg7 4. c4 O-O 5. O-O d6 6. Nc3 e5 7. d3 Re8 8. Rb1
a5 9. a3 c6 10. b4 axb4 11. axb4 e4 12. Ne1 exd3 13. exd3 Bg4 14. Qb3 Nbd7 15.
Bb2 Qb6 16. h3 Be6 17. b5 d5 18. cxd5 cxd5 19. Qd1 d4 20. Ne2 Nd5 21. Nc2 Nc3
22. Bxc3 dxc3 23. Ne3 Ra2 24. Nf4 Bd4 25. Nc2 Rb2 26. Rxb2 cxb2 27. Nxe6 Rxe6
28. Qd2 Ne5 29. Rb1 Rf6 30. Nxd4 Qxd4 31. Qxb2 Qxb2 32. Rxb2 1/2-1/2

[Event "XXXV C.to Italiano a squadre A1 Sud 2"]
[Site "Palermo ITA"]
[Date "2003.03.14"]
[Round "1"]
[White "Shytaj, Luca"]
[Black "Sedina, Elena"]
[Result "1-0"]
[WhiteElo "2151"]
[BlackElo "2423"]
[PlyCount "55"]
[EventDate "2003.03.14"]

1. e4 e6 2. d4 d5 3. Nd2 Nc6 4. c3 e5 5. exd5 Qxd5 6. Ngf3 exd4 7. Bc4 Qf5 8.
Nxd4 Nxd4 9. cxd4 Be6 10. Qa4+ Bd7 11. Qb3 O-O-O 12. O-O Bd6 13. Nf3 f6 14. Re1
Nh6 15. Bd5 c6 16. Be4 Qh5 17. d5 c5 18. Be3 Kb8 19. Rac1 Ng4 20. Bxc5 Bxh2+
21. Kf1 f5 22. Bd3 Rhe8 23. Ba6 Rxe1+ 24. Nxe1 Bc8 25. Bxa7+ Kxa7 26. Rxc8 Rd7
27. Qa4 Rc7 28. Bc4+ 1-0

[Event "XXXV C.to Italiano a squadre A1 Sud 2"]
[Site "Palermo ITA"]
[Date "2003.03.15"]
[Round "2"]
[White "Collutiis, Duilio"]
[Black "Cappadona, Salvatore"]
[Result "1-0"]
[WhiteElo "2348"]
[BlackElo "1982"]
[PlyCount "75"]
[EventDate "2003.03.14"]

1. e4 d6 2. d4 Nf6 3. Nc3 g6 4. Nf3 Bg7 5. Be3 c6 6. Qd2 Nbd7 7. Bh6 Bxh6 8.
Qxh6 e5 9. h3 Qe7 10. O-O-O a6 11. Bd3 b5 12. Rhe1 Bb7 13. Kb1 Qf8 14. Qe3 Qg7
15. g4 O-O 16. dxe5 dxe5 17. g5 Nh5 18. Bxb5 axb5 19. Rxd7 Bc8 20. Rc7 b4 21.
Ne2 Be6 22. Nc1 Ra6 23. Qc5 Rfa8 24. b3 Nf4 25. Rxc6 Ra5 26. Qxb4 Nxh3 27. Qb6
Nf4 28. Rd1 Qf8 29. Rcd6 Kg7 30. Rd8 Qa3 31. Qd6 Ne2 32. Nxe2 Qxa2+ 33. Kc1
Rxd8 34. Qxd8 Qa3+ 35. Kd2 Ra6 36. Ke1 Bg4 37. Qb8 Qa5+ 38. b4 1-0

[Event "XXXV C.to Italiano a squadre A1 Sud 2"]
[Site "Palermo ITA"]
[Date "2003.03.15"]
[Round "2"]
[White "Genovese, Maurizio"]
[Black "Ferri, Stefano"]
[Result "1-0"]
[WhiteElo "2280"]
[BlackElo "2099"]
[PlyCount "53"]
[EventDate "2003.03.14"]

1. d4 e6 2. c4 Nf6 3. Nc3 d5 4. cxd5 exd5 5. Bg5 c6 6. e3 Be7 7. Bd3 Nbd7 8.
Qc2 Nf8 9. Nge2 h6 10. Bxf6 Bxf6 11. O-O-O Ne6 12. Kb1 O-O 13. g4 Re8 14. Ng3
c5 15. dxc5 Bxc3 16. Qxc3 Qc7 17. Rc1 b6 18. c6 g6 19. Rhg1 d4 20. exd4 Rd8 21.
d5 Rxd5 22. Ne4 Rd4 23. Nf6+ Kf8 24. Bc4 Qf4 25. Rgd1 Rxc4 26. Nd7+ Bxd7 27.
Qh8+ 1-0

[Event "XXXV C.to Italiano a squadre A1 Sud 2"]
[Site "Palermo ITA"]
[Date "2003.03.15"]
[Round "2"]
[White "Isonzo, David"]
[Black "Laketic, Gojko"]
[Result "1/2-1/2"]
[WhiteElo "2364"]
[BlackElo "2456"]
[PlyCount "42"]
[EventDate "2003.03.14"]

1. e4 Nf6 2. Nc3 d5 3. e5 d4 4. exf6 dxc3 5. fxg7 cxd2+ 6. Qxd2 Qxd2+ 7. Bxd2
Bxg7 8. O-O-O Bf5 9. Ne2 Nd7 10. Bc3 Bxc3 11. Nxc3 c6 12. Bd3 Bg6 13. Rhe1 Nc5
14. Bf1 Rd8 15. Rxd8+ Kxd8 16. Re5 b6 17. Re3 e6 18. Be2 Kc7 19. h4 h5 20. Bf3
a5 21. Ne2 f6 1/2-1/2

[Event "XXXV C.to Italiano a squadre A1 Sud 2"]
[Site "Palermo ITA"]
[Date "2003.03.15"]
[Round "2"]
[White "Martorelli, Antonio"]
[Black "Cusmano, Antonello"]
[Result "1-0"]
[WhiteElo "2262"]
[BlackElo "1597"]
[PlyCount "61"]
[EventDate "2003.03.14"]

1. e4 c5 2. Nf3 e6 3. d4 cxd4 4. Nxd4 a6 5. Nc3 Nc6 6. Be2 Bc5 7. Be3 Qe7 8.
O-O d6 9. Nxc6 bxc6 10. Bxc5 dxc5 11. e5 Bb7 12. Ne4 Rd8 13. Nd6+ Kf8 14. Bd3
Qc7 15. Qh5 g6 16. Qh4 Rd7 17. Rad1 f6 18. Nxb7 Qxb7 19. Bxa6 Qc7 20. Rxd7 Qxd7
21. Qg4 fxe5 22. Rd1 Qe7 23. Qe4 Qc7 24. Qh4 Ke8 25. Bc4 Qc8 26. Rd6 Qb8 27.
Rxe6+ Kd7 28. b3 Qb4 29. Qe4 Ne7 30. Rxe7+ Kxe7 31. Qxe5+ 1-0

[Event "XXXV C.to Italiano a squadre A1 Sud 2"]
[Site "Palermo ITA"]
[Date "2003.03.15"]
[Round "2"]
[White "Napoli Costa, Aurelio"]
[Black "Fiore, Mario"]
[Result "0-1"]
[WhiteElo "1956"]
[BlackElo "2313"]
[PlyCount "104"]
[EventDate "2003.03.14"]

1. e4 e5 2. Nf3 Nc6 3. Bb5 Nd4 4. Nxd4 exd4 5. O-O Bc5 6. d3 Ne7 7. f4 c6 8.
Bc4 d5 9. exd5 cxd5 10. Bb5+ Kf8 11. Qe1 h5 12. b4 Bb6 13. Nd2 Nf5 14. Nf3 Rh6
15. Qf2 a5 16. Re1 Bd7 17. Bxd7 Qxd7 18. Ba3 axb4 19. Bxb4+ Kg8 20. a3 Rc8 21.
Re2 Ne3 22. Ne5 Qf5 23. Rae1 f6 24. Nf3 Qxf4 25. Bd2 Rxc2 26. Rb1 f5 27. Qe1
Qc7 28. Rc1 Rxc1 29. Bxc1 Rc6 30. Bd2 Rc2 31. h3 f4 32. Qa1 Qc8 33. Qe1 Qf5 34.
Qb1 Rc6 35. Be1 g5 36. Rb2 Qf6 37. Bf2 g4 38. Bh4 Qe6 39. Ng5 Qg6 40. a4 Nf5
41. a5 Nxh4 42. Rxb6 Rxb6 43. Qxb6 Qxg5 44. Qxb7 Qe5 45. Qc8+ Kg7 46. Qb7+ Kg6
47. Qc6+ Kg5 48. Qc1 Qe2 49. Qf1 Qa2 50. hxg4 hxg4 51. a6 Qxa6 52. Qe2 Qa1+ 0-1

[Event "XXXV C.to Italiano a squadre A1 Sud 2"]
[Site "Palermo ITA"]
[Date "2003.03.15"]
[Round "2"]
[White "Sabia, Corrado"]
[Black "Sedina, Elena"]
[Result "1/2-1/2"]
[WhiteElo "2174"]
[BlackElo "2423"]
[PlyCount "85"]
[EventDate "2003.03.14"]

1. e4 e6 2. d4 d5 3. Nc3 Bb4 4. Nge2 dxe4 5. a3 Bxc3+ 6. Nxc3 Nc6 7. d5 exd5 8.
Qxd5 Be6 9. Qxe4 Nf6 10. Qh4 Qd4 11. Bg5 Qxh4 12. Bxh4 O-O-O 13. Bb5 Bf5 14.
Bxc6 bxc6 15. O-O Rd2 16. Rac1 Re8 17. f3 Rxc2 18. Rxc2 Bxc2 19. Re1 Kd7 20.
Kf2 Re6 21. Re2 Bg6 22. Na4 Rxe2+ 23. Kxe2 Nd5 24. Bg3 f6 25. Nc5+ Ke7 26. Na6
Kd8 27. Nb4 Kd7 28. Nxd5 cxd5 29. Bf2 a5 30. b4 Kc6 31. Bc5 Kb5 32. Ke3 Kc4 33.
Bf8 a4 34. b5 Kxb5 35. Kd4 Bf7 36. Bc5 h6 37. Bb4 c6 38. Bc5 h5 39. h4 g5 40.
g3 Ka6 41. Be7 gxh4 42. gxh4 Kb5 43. Bb4 1/2-1/2

[Event "XXXV C.to Italiano a squadre A1 Sud 2"]
[Site "Palermo ITA"]
[Date "2003.03.15"]
[Round "2"]
[White "Sarno, Spartaco"]
[Black "Capuano, Eugenio"]
[Result "1-0"]
[WhiteElo "2395"]
[BlackElo "2143"]
[PlyCount "78"]
[EventDate "2003.03.14"]

1. d4 Nf6 2. c4 g6 3. Nc3 Bg7 4. e4 d6 5. f3 O-O 6. Be3 c5 7. d5 e6 8. Qd2 exd5
9. cxd5 Re8 10. Nge2 a6 11. a4 Nbd7 12. Nc1 Ne5 13. Be2 Nh5 14. O-O f5 15. N1a2
Bd7 16. Rab1 b5 17. b4 c4 18. a5 Rf8 19. f4 Ng4 20. Bxg4 fxg4 21. g3 Qe7 22.
Rbe1 Rae8 23. Bd4 Bxd4+ 24. Qxd4 g5 25. e5 Bf5 26. fxg5 dxe5 27. Qc5 Qxg5 28.
d6 Bd3 29. Qd5+ Kg7 30. Rxf8 Rxf8 31. Qxe5+ Qf6 32. Nd5 Qxe5 33. Rxe5 Nf6 34.
Nc7 Rf7 35. Ne6+ Kg6 36. Nc3 Nd7 37. Re1 Rf3 38. Nd5 h6 39. Nb6 Nb8 1-0

[Event "XXXV C.to Italiano a squadre A1 Sud 2"]
[Site "Palermo ITA"]
[Date "2003.03.15"]
[Round "2"]
[White "Sibilio, Mario"]
[Black "Efimov, Igor"]
[Result "1/2-1/2"]
[WhiteElo "2361"]
[BlackElo "2444"]
[PlyCount "58"]
[EventDate "2003.03.14"]

1. e4 e5 2. Nf3 Nc6 3. Bb5 a6 4. Ba4 g6 5. d4 exd4 6. Bg5 Be7 7. Bxe7 Qxe7 8.
O-O Qb4 9. c3 Qxb2 10. Bxc6 dxc6 11. Qxd4 f6 12. e5 Nh6 13. exf6 O-O 14. Ng5
Qe2 15. Nd2 Nf5 16. Qf4 h6 17. f7+ Kg7 18. Nge4 Qb5 19. c4 Qb2 20. Rab1 Qd4 21.
Nf3 g5 22. Qxf5 Bxf5 23. Nxd4 Bxe4 24. Rxb7 Rxf7 25. Ne6+ Kf6 26. Nc5 Bf5 27.
f4 g4 28. Rd1 Re7 29. Kf2 a5 1/2-1/2

[Event "XXXV C.to Italiano a squadre A1 Sud 2"]
[Site "Palermo ITA"]
[Date "2003.03.16"]
[Round "3"]
[White "Cappadona, Salvatore"]
[Black "Sarno, Spartaco"]
[Result "0-1"]
[WhiteElo "1982"]
[BlackElo "2395"]
[PlyCount "74"]
[EventDate "2003.03.14"]

1. Nf3 Nf6 2. b3 g6 3. Bb2 Bg7 4. c4 O-O 5. g3 c6 6. Bg2 d5 7. O-O a5 8. d3 Na6
9. Nbd2 a4 10. Rb1 axb3 11. axb3 Bg4 12. b4 dxc4 13. Nxc4 Nc7 14. Nfe5 Be6 15.
Na5 Qc8 16. Qd2 Nb5 17. Rfc1 Ra6 18. e4 Rd8 19. d4 Nxe4 20. Qe3 Nf6 21. Nexc6
bxc6 22. Nxc6 Rxc6 23. Bxc6 Qb8 24. Rc5 Nc7 25. b5 Ncd5 26. Qe1 h5 27. Ra1 Nb6
28. Bg2 Nbd7 29. Rc6 Bd5 30. Bxd5 Nxd5 31. Qa5 N7b6 32. Qa7 e6 33. Qxb8 Rxb8
34. Ra7 Bf6 35. h4 Nc8 36. Rd7 Nce7 37. Rc5 Nf5 0-1

[Event "XXXV C.to Italiano a squadre A1 Sud 2"]
[Site "Palermo ITA"]
[Date "2003.03.16"]
[Round "3"]
[White "Capuano, Eugenio"]
[Black "Collutiis, Duilio"]
[Result "1/2-1/2"]
[WhiteElo "2143"]
[BlackElo "2348"]
[PlyCount "44"]
[EventDate "2003.03.14"]

1. Nf3 Nf6 2. c4 g6 3. Nc3 Bg7 4. e4 e5 5. Nxe5 Nxe4 6. Nxe4 Bxe5 7. d4 Bg7 8.
g3 d5 9. cxd5 Qxd5 10. Bg2 Qc4 11. Be3 Nc6 12. Rc1 Qb4+ 13. Qd2 Qxd2+ 14. Nxd2
Nxd4 15. Rxc7 O-O 16. O-O Be6 17. Rxb7 Bxa2 18. Ra1 Be6 19. Raxa7 Rac8 20. Rc7
Rb8 21. Rab7 Ra8 22. Ra7 Rab8 1/2-1/2

[Event "XXXV C.to Italiano a squadre A1 Sud 2"]
[Site "Palermo ITA"]
[Date "2003.03.16"]
[Round "3"]
[White "Cusmano, Antonello"]
[Black "Genovese, Maurizio"]
[Result "0-1"]
[WhiteElo "1597"]
[BlackElo "2280"]
[PlyCount "62"]
[EventDate "2003.03.14"]

1. d4 d5 2. Bf4 Nf6 3. e3 c5 4. c3 Qb6 5. Qd2 Bf5 6. f3 Nc6 7. dxc5 Qxc5 8. Na3
a6 9. Rc1 e5 10. Bg3 Rd8 11. Bf2 Qa5 12. Ne2 Bxa3 13. bxa3 Qxa3 14. f4 Ne4 15.
Qd1 Qxa2 16. Ra1 Qc4 17. Rc1 Nc5 18. Ng3 Bd3 19. Ne2 O-O 20. g3 Rfe8 21. Bg2
Bxe2 22. Qxe2 Nd3+ 23. Kd2 Nxf2 24. Qxf2 d4 25. cxd4 Qb4+ 26. Kd3 exd4 27. e4
Qb3+ 28. Kd2 d3 29. Bf3 Qb2+ 30. Ke3 Qd4+ 31. Kd2 Qxf2+ 0-1

[Event "XXXV C.to Italiano a squadre A1 Sud 2"]
[Site "Palermo ITA"]
[Date "2003.03.16"]
[Round "3"]
[White "Efimov, Igor"]
[Black "Isonzo, David"]
[Result "1/2-1/2"]
[WhiteElo "2444"]
[BlackElo "2364"]
[PlyCount "34"]
[EventDate "2003.03.14"]

1. d4 d5 2. Nf3 Nc6 3. Bf4 Bg4 4. e3 e6 5. c4 Bd6 6. Bg3 Nf6 7. c5 Bxg3 8. hxg3
e5 9. dxe5 Nxe5 10. Qa4+ Bd7 11. Qd4 Nc6 12. Qf4 Qe7 13. Nc3 Qxc5 14. Qxc7 Qb4
15. O-O-O Rc8 16. Qf4 Qxf4 17. gxf4 Nb4 1/2-1/2

[Event "XXXV C.to Italiano a squadre A1 Sud 2"]
[Site "Palermo ITA"]
[Date "2003.03.16"]
[Round "3"]
[White "Ferri, Stefano"]
[Black "Martorelli, Antonio"]
[Result "1/2-1/2"]
[WhiteElo "2099"]
[BlackElo "2262"]
[PlyCount "102"]
[EventDate "2003.03.14"]

1. d4 Nf6 2. c4 g6 3. Nc3 Bg7 4. e4 d6 5. Nf3 O-O 6. Be2 Na6 7. O-O e5 8. Re1
Qe8 9. Bf1 Bg4 10. d5 Nh5 11. Rb1 f5 12. h3 Bxf3 13. Qxf3 fxe4 14. Qxe4 Nc5 15.
Qc2 a5 16. b3 Qf7 17. Be3 Kh8 18. g3 Rg8 19. Bg2 Raf8 20. a3 Qf5 21. Re2 Nf6
22. Qxf5 gxf5 23. Bxc5 dxc5 24. Nb5 Ne8 25. Rd1 e4 26. g4 fxg4 27. hxg4 c6 28.
dxc6 bxc6 29. Nd6 Nxd6 30. Rxd6 Bd4 31. Rxe4 Bxf2+ 32. Kh1 Rg6 33. Rxg6 hxg6
34. Re7 Rb8 35. Bxc6 Rxb3 36. a4 Bh4 37. Re4 Kg7 38. Kg2 Bf6 39. Bd7 Kh6 40.
Be6 Kg5 41. Bd5 Rc3 42. Be6 Bd4 43. Bd7 Kh4 44. Re6 Rg3+ 45. Kf1 Rxg4 46. Ra6
Rf4+ 47. Ke2 Re4+ 48. Kd3 Re3+ 49. Kd2 Rg3 50. Ke2 Re3+ 51. Kd2 Re7 1/2-1/2

[Event "XXXV C.to Italiano a squadre A1 Sud 2"]
[Site "Palermo ITA"]
[Date "2003.03.16"]
[Round "3"]
[White "Laketic, Gojko"]
[Black "Sibilio, Mario"]
[Result "1/2-1/2"]
[WhiteElo "2456"]
[BlackElo "2361"]
[PlyCount "52"]
[EventDate "2003.03.14"]

1. Nf3 Nf6 2. c4 e6 3. g3 a6 4. Bg2 b5 5. Nd4 d5 6. cxb5 e5 7. Nc6 Nxc6 8. bxc6
Bc5 9. Nc3 Be6 10. Qc2 O-O 11. O-O Qd6 12. Na4 Ba7 13. d3 d4 14. Bd2 Bd5 15. b3
Bxg2 16. Kxg2 Nd5 17. Qc4 Kh8 18. Qxa6 f5 19. f3 Qe6 20. Qc4 Rab8 21. Rac1 h5
22. Qa6 Ra8 23. Qb5 Rab8 24. Qa6 Ra8 25. Qc4 Rae8 26. Qa6 Ra8 1/2-1/2

[Event "XXXV C.to Italiano a squadre A1 Sud 2"]
[Site "Palermo ITA"]
[Date "2003.03.16"]
[Round "3"]
[White "Sedina, Elena"]
[Black "Napoli Costa, Aurelio"]
[Result "1-0"]
[WhiteElo "2423"]
[BlackElo "1956"]
[PlyCount "67"]
[EventDate "2003.03.14"]

1. e4 c5 2. Nf3 d6 3. Bb5+ Nd7 4. O-O a6 5. Bxd7+ Bxd7 6. d4 cxd4 7. Qxd4 e6 8.
c4 e5 9. Qd3 Be7 10. Nc3 Nf6 11. Bg5 Be6 12. a4 Qb6 13. Bxf6 Bxf6 14. Nd5 Bxd5
15. Qxd5 O-O 16. Rfb1 Qb4 17. b3 Rac8 18. Ne1 Rc5 19. Qd1 Rc6 20. Nc2 Qc3 21.
Ne3 Qb4 22. Nd5 Qc5 23. Nxf6+ gxf6 24. Qg4+ Kh8 25. Qh4 Kg7 26. Rd1 Rcc8 27.
Rd3 Rg8 28. Rad1 Rcd8 29. Rg3+ Kf8 30. Qxf6 Qc7 31. Rxg8+ Kxg8 32. h4 Kf8 33.
c5 Rc8 34. cxd6 1-0

[Event "XXXV C.to Italiano a squadre A1 Sud 2"]
[Site "Palermo ITA"]
[Date "2003.03.16"]
[Round "3"]
[White "Shytaj, Luca"]
[Black "Sabia, Corrado"]
[Result "1-0"]
[WhiteElo "2151"]
[BlackElo "2174"]
[PlyCount "56"]
[EventDate "2003.03.14"]

1. e4 c5 2. Nf3 e6 3. d4 cxd4 4. Nxd4 Nf6 5. Nc3 d6 6. g4 h6 7. h4 Nc6 8. Rg1
d5 9. exd5 Nxd5 10. Nxd5 exd5 11. Bb5 Bd7 12. Qe2+ Be7 13. Nf5 Bxf5 14. gxf5
Kf8 15. Be3 Qa5+ 16. Kf1 d4 17. Bd2 Qb6 18. Re1 Bf6 19. Bf4 Qc5 20. Qc4 Qxc4+
21. Bxc4 Re8 22. Bd6+ Be7 23. f6 gxf6 24. Bf4 Ne5 25. Bxe5 fxe5 26. Rxe5 Bxh4
27. Rf5 f6 28. Rf4 Bg5 1-0